[Event "Teresina Piauiense-ch sf"]
[Site "Teresina"]
[Date "2021.08.14"]
[Round "2"]
[White "Silva, Ronnyel Carlos Cunh"]
[Black "Amorim, Gidelson Ferreira"]
[Result "0-1"]
[WhiteElo "1691"]
[BlackElo "2108"]
[PlyCount "36"]
[EventDate "2021.08.13"]
[EventType "swiss"]
[EventRounds "5"]
[EventCountry "BRA"]
[SourceTitle "EXT 2022"]
[Source "ChessBase"]
[SourceDate "2021.10.06"]
[SourceVersion "1"]
[SourceVersionDate "2021.10.06"]
[SourceQuality "1"]

1. e4 Nf6 2. Nc3 e6 3. Nf3 b6 4. d4 Bb7 5. Bg5 h6 6. Bxf6 Qxf6 7. Bd3 Nc6 8. Ne2 Nb4 9. 0-0 Nxd3 10. Qxd3 Qg6 11. Ng3 Bd6 12. Rae1 0-0-0 13. Nd2 Bf4 14. a4 d5 15. Nf3 Bxg3 16. fxg3 dxe4 17. Ne5 exd3 18. Nxg6 fxg6 0-1

[Event "Teresina op 7th"]
[Site "Teresina"]
[Date "2019.08.02"]
[Round "1"]
[White "Silva, Ronnyel Carlos Cunh"]
[Black "De Lima, Alexsandro Barros"]
[Result "0-1"]
[WhiteElo "1704"]
[BlackElo "2235"]
[PlyCount "70"]
[EventDate "2019.08.02"]
[EventType "swiss"]
[EventRounds "6"]
[EventCountry "BRA"]
[SourceTitle "EXT 2020"]
[Source "ChessBase"]
[SourceDate "2019.10.17"]
[SourceVersion "1"]
[SourceVersionDate "2019.10.17"]
[SourceQuality "1"]

1. d4 Nf6 2. c4 e6 3. Nc3 Bb4 4. Bg5 c5 5. Nf3 cxd4 6. Nxd4 h6 7. Bh4 Qa5 8. Qb3 Nc6 9. Bxf6 gxf6 10. e3 Rg8 11. a3 Nxd4 12. exd4 Bxc3+ 13. bxc3 b6 14. g3 Bb7 15. Rg1 Rg4 16. f4 Qh5 17. Qc2 Rc8 18. Ra2 Qa5 19. Bd3 d5 20. Qb3 Ba6 21. Qb4 Bxc4 22. Bxc4 Rxc4 23. Qxa5 bxa5 24. Kd2 Kd7 25. Rb2 Rg8 26. Rb7+ Rc7 27. Rgb1 Rgc8 28. Rxc7+ Rxc7 29. Rb5 Kc6 30. Rxa5 Kb6 31. Ra4 a5 32. Kc2 Kb5 33. Kb3 f5 34. h3 h5 35. h4 f6 0-1

[Event "Piaui-ch final"]
[Site "Teresina"]
[Date "2018.10.14"]
[Round "4"]
[White "Silva, Ronnyel Carlos Cunh"]
[Black "Campos, Claudio Braga"]
[Result "0-1"]
[WhiteElo "1785"]
[BlackElo "1881"]
[PlyCount "148"]
[EventDate "2018.10.11"]
[EventType "tourn"]
[EventRounds "9"]
[EventCountry "BRA"]
[SourceTitle "CBM 187 Extra"]
[Source "ChessBase"]
[SourceDate "2018.11.04"]
[SourceVersion "1"]
[SourceVersionDate "2018.11.04"]
[SourceQuality "1"]

1. d4 Nf6 2. c4 e6 3. Nc3 Bb4 4. Bd2 Nc6 5. Nf3 0-0 6. e3 b6 7. Bd3 Bb7 8. a3 Bxc3 9. Bxc3 Ne7 10. 0-0 Be4 11. Ng5 Bxd3 12. Qxd3 h6 13. Nf3 d6 14. e4 Ng6 15. Rfe1 Nh7 16. g3 Ng5 17. Nxg5 Qxg5 18. Qe3 Qg4 19. Qe2 Qh3 20. Qf1 Qg4 21. f3 Qg5 22. Qg2 e5 23. Bd2 Qe7 24. d5 Rac8 25. Rf1 c6 26. Rac1 f5 27. exf5 Rxf5 28. dxc6 Rxc6 29. f4 Qc7 30. Qd5+ Kh7 31. Qe4 Qd7 32. g4 Rf6 33. f5 Ne7 34. b3 Kh8 35. Rc3 Rc8 36. Rh3 Kg8 37. Rhf3 Qc6 38. Qxc6 Nxc6 39. h4 Nd4 40. Rc3 Ne2+ 41. Kf2 Nxc3 42. Bxc3 h5 43. Kg3 hxg4 44. Kxg4 g6 45. h5 gxh5+ 46. Kxh5 Kf7 47. Bd2 Rh8+ 48. Kg4 Rh2 49. Bg5 Rg2+ 50. Kh4 Re2 51. Bxf6 Kxf6 52. Rf3 e4 53. Rc3 Kxf5 54. Kg3 Rd2 55. b4 Ke5 56. c5 dxc5 57. bxc5 Rd3+ 58. Rxd3 exd3 59. c6 Kd6 60. c7 Kxc7 61. Kf3 Kc6 62. Ke3 Kb5 63. Kxd3 Ka4 64. Kc4 a6 65. Kc3 Kxa3 66. Kc2 b5 67. Kb1 b4 68. Ka1 Kb3 69. Kb1 a5 70. Ka1 a4 71. Kb1 Kc3 72. Kc1 a3 73. Kb1 a2+ 74. Ka1 Kc2 0-1